Guess the Movie by the lyric from it's song - Statistics

General Stats
  • This quiz has been taken 50 times
  • The average score is 8 of 20
Answer Stats
Hint Answer % Correct
It means no worries for the rest of your days Lion King
78%
Prince Ali, fabulous he, Ali Ababwa Aladdin
74%
It's supercalifragilisticexpialidocious Mary Poppins
72%
You've got a friend in me Toy Story
70%
Just keep swimming... just keep swimming Finding Dory
65%
Near, far, wherever you are Titanic
65%
Tale as old as time, True as it can be Beauty and the Beast
54%
Tell me something, girl... Are you happy in this modern world? A Star is Born
50%
No Wizard that there is or was, Is ever gonna bring me down Wicked
48%
Ba-ba-ba-ba-ba-nana Despicable Me 2
46%
And at last I see the light Tangled
43%
When the sharpest words wanna cut me down The Greatest Showman
39%
Ok, ok, I see what's happening here Moana
28%
She's livin' la vida loca Shrek 2
26%
This is the end... Skyfall
20%
Here I stand in the light of day Frozen
17%
I'll take care of mine, mine, mine, mine, mine (Shake that bottom line) Dr. Seuss, the Lorax
4%
Let the wind carry us... To the clouds, hurry up, alright How to Train Your Dragon 2
4%
Our love for eachother will live on forever Coco
2%
Switch on the sky, and the stars glow for you Wreck it Ralph
2%
No matching quizzes found
Score Distribution
Percent of People with Each Score
Percentile by Number Answered
Your Score History
You have not taken this quiz